[Event "Moscow Open A 2015"]
[Site "Moscow RUS"]
[Date "2015.02.06"]
[Round "7.114"]
[White "Karpenko, Artem"]
[Black "Bolanos Lepere, Ulises"]
[Result "1-0"]
[WhiteElo "2188"]
[BlackElo "1946"]
[WhiteFideId "24175595"]
[BlackFideId "5109604"]
[EventDate "2015.01.31"]

1. e4 c5 2. Nf3 Nc6 3. Bb5 d6 4. O-O Nf6 5. Re1 g6 6. h3 Bg7 7. c3 O-O 8. d4
cxd4 9. cxd4 a6 10. Bxc6 bxc6 11. Nc3 Qc7 12. Be3 Be6 13. Rc1 Qb7 14. Qd2 Rfc8
15. b3 Rc7 16. Bh6 Rac8 17. Bxg7 Kxg7 18. Ng5 Bd7 19. e5 dxe5 20. dxe5 Nd5 21.
Nce4 c5 22. Nd6 exd6 23. exd6 Rc6 24. Qxd5 Rb6 25. Qxf7+ Kh6 26. Qf4 Rb4 27. Rc4
Rxc4 28. bxc4 Qb4 29. Ne6+ 1-0

[Event "Moscow Open A 2015"]
[Site "Moscow RUS"]
[Date "2015.02.06"]
[Round "7.115"]
[White "Gumirov, Konstantin L"]
[Black "Nuzhdin, Andrey"]
[Result "0-1"]
[WhiteElo "1988"]
[BlackElo "2183"]
[WhiteFideId "4125061"]
[BlackFideId "24130362"]
[EventDate "2015.01.31"]

1. d4 g6 2. h4 h5 3. c4 c5 4. e3 Bg7 5. Nf3 d6 6. Nc3 cxd4 7. exd4 Bg4 8. Be3
Nh6 9. Qa4+ Nd7 10. Ng5 Nf5 11. c5 Nxe3 12. fxe3 dxc5 13. Bc4 O-O 14. O-O e6 15.
dxc5 Nxc5 16. Qa3 Qb6 17. b4 Na6 18. Na4 Qxb4 19. Qxb4 Nxb4 20. Rab1 Nc2 21. Rb3
a6 22. Nb6 Rad8 23. Rf2 Rd1+ 24. Kh2 Nxe3 25. Be2 Bxe2 26. Rxe2 Ng4+ 27. Kg3
Rfd8 28. Nf3 R8d3 29. Rxd3 Rxd3 30. Nc4 b5 31. Nd2 Be5+ 32. Kh3 Re3 33. Rxe3
Nf2# 0-1

[Event "Moscow Open A 2015"]
[Site "Moscow RUS"]
[Date "2015.02.06"]
[Round "7.116"]
[White "Urazayev, Arystanbek"]
[Black "Nazarov, Rustem"]
[Result "0-1"]
[WhiteElo "2205"]
[BlackElo "2059"]
[WhiteFideId "13709810"]
[BlackFideId "14002280"]
[EventDate "2015.01.31"]

1. e4 c5 2. Nf3 d6 3. d4 cxd4 4. Nxd4 Nf6 5. Nc3 a6 6. Be3 e5 7. Nf3 Be7 8. Bc4
O-O 9. O-O Qc7 10. Qe2 b5 11. Bb3 Bb7 12. Nd2 Nbd7 13. f3 b4 14. Nd5 Nxd5 15.
exd5 a5 16. a4 Nc5 17. Bc4 f5 18. b3 Kh8 19. f4 e4 20. Bd4 Bf6 21. Qe3 Bxd4 22.
Qxd4 Qb6 23. Rfd1 Nxa4 24. Nxe4 fxe4 25. bxa4 Qxd4+ 26. Rxd4 Rxf4 27. Re1 Re8
28. g3 Rg4 29. Kf2 h5 30. Kg2 Re5 31. Rf1 e3 32. Rxg4 hxg4 0-1

[Event "Moscow Open A 2015"]
[Site "Moscow RUS"]
[Date "2015.02.06"]
[Round "7.117"]
[White "Grishaev, Igor"]
[Black "Zhuk, Valeriy"]
[Result "0-1"]
[WhiteElo "1938"]
[BlackElo "2150"]
[WhiteFideId "4197925"]
[BlackFideId "24151254"]
[EventDate "2015.01.31"]

1. d4 d5 2. Nf3 Nf6 3. c4 c6 4. g3 dxc4 5. Bg2 Nbd7 6. O-O b5 7. Qc2 Bb7 8. Bf4
e6 9. a4 a6 10. Na3 Be7 11. Rfd1 Nd5 12. e4 Nxf4 13. gxf4 O-O 14. f5 exf5 15. e5
g6 16. Qd2 Nb6 17. Qf4 Nd5 18. Qh6 Re8 19. h4 Bf8 20. Qd2 h6 21. Nc2 Kh7 22. Re1
a5 23. e6 Rxe6 24. Rxe6 fxe6 25. Re1 Bc8 26. Ne5 Qc7 27. Bxd5 cxd5 28. h5 g5 29.
axb5 Rb8 30. Ng6 Bd6 31. Re2 Rxb5 32. Ne3 Rb3 33. Qc2 Rd3 34. Kg2 f4 35. b3 Qf7
36. bxc4 f3+ 37. Kf1 fxe2+ 38. Kxe2 Rxe3+ 39. fxe3 Ba6 40. e4 Bxc4+ 41. Ke3 Qf1
42. e5 Qe1+ 43. Kf3 Qe4+ 44. Qxe4 dxe4+ 45. Kxe4 Bb4 0-1

[Event "Moscow Open A 2015"]
[Site "Moscow RUS"]
[Date "2015.02.06"]
[Round "7.119"]
[White "Kruk, Ivan"]
[Black "Proleiko, Julian"]
[Result "0-1"]
[WhiteElo "1887"]
[BlackElo "1981"]
[WhiteFideId "13903497"]
[BlackFideId "30900255"]
[EventDate "2015.01.31"]

1. e4 c5 2. Nf3 d6 3. d4 cxd4 4. Nxd4 Nf6 5. Nc3 g6 6. Bd3 Bg7 7. O-O O-O 8. Kh1
Nc6 9. Nxc6 bxc6 10. Qe2 Rb8 11. Rb1 e5 12. Bg5 h6 13. Be3 d5 14. Bxa7 Rb7 15.
Bc5 Re8 16. a4 d4 17. Nd1 Nh5 18. Ba6 Nf4 19. Qf3 Rd7 20. Bxc8 Qxc8 21. b4 f5
22. Nb2 Ne6 23. Rbc1 Nxc5 24. bxc5 0-1

[Event "Moscow Open A 2015"]
[Site "Moscow RUS"]
[Date "2015.02.06"]
[Round "7.120"]
[White "Abelyan, Murad"]
[Black "Spirin, Alexandr"]
[Result "0-1"]
[WhiteElo "1712"]
[BlackElo "1943"]
[WhiteFideId "346489"]
[BlackFideId "4187431"]
[EventDate "2015.01.31"]

1. e4 Nc6 2. d4 e5 3. dxe5 Nxe5 4. Bf4 Ng6 5. Bg3 d6 6. Nc3 Nf6 7. Bc4 Be7 8.
Qd2 O-O 9. O-O-O a6 10. f4 b5 11. Bd3 Nh5 12. Nd5 Bg4 13. Nf3 c5 14. Bf2 Bf6 15.
h3 Bxf3 16. gxf3 Nhxf4 17. Nxf6+ Qxf6 18. Be3 Rfd8 19. h4 c4 20. h5 cxd3 21.
hxg6 Rdc8 22. gxh7+ Kh8 23. c3 Ne2+ 24. Kb1 Rxc3 25. bxc3 Nxc3+ 26. Kc1 Ne2+ 27.
Kb1 Nc3+ 28. Kc1 Rc8 29. Qe1 Na4+ 30. Bc5 Qb2# 0-1

[Event "Moscow Open A 2015"]
[Site "Moscow RUS"]
[Date "2015.02.07"]
[Round "8.1"]
[White "Petrosian, Tigran L."]
[Black "Inarkiev, Ernesto"]
[Result "1/2-1/2"]
[WhiteTitle "GM"]
[BlackTitle "GM"]
[WhiteElo "2663"]
[BlackElo "2675"]
[WhiteFideId "13301616"]
[BlackFideId "4162722"]
[EventDate "2015.01.31"]

1. b3 d5 2. Bb2 c5 3. e3 a6 4. f4 Nc6 5. Nf3 e6 6. g3 f6 7. Bg2 Nh6 8. O-O Be7
9. c4 d4 10. Nh4 Nb4 11. exd4 cxd4 12. d3 O-O 13. Qe2 f5 14. Nf3 Bf6 15. Ne5 Qb6
16. a3 Bxe5 17. c5 Qb5 18. axb4 Bf6 19. Qd2 Rb8 20. Na3 Qd7 21. Nc4 Qc7 22. Rfe1
Bd7 23. h3 Nf7 24. Qf2 e5 25. fxe5 Nxe5 26. Bd5+ Kh8 27. Qf4 g5 28. Qxd4 Nf3+
29. Bxf3 Qxg3+ 30. Bg2 Bxd4+ 31. Bxd4+ Kg8 32. Re3 Qh4 33. Bd5+ Rf7 34. Be5 Rf8
35. Nd6 f4 36. Rf3 Bxh3 37. Ne4 Re8 38. Rxh3 Qxh3 39. Bxf7+ Kf8 40. Bd6+ Re7 41.
Bc4 Qg4+ 42. Kf1 Qh3+ 43. Kg1 Qg4+ 44. Kf1 Qh3+ 1/2-1/2

[Event "Moscow Open A 2015"]
[Site "Moscow RUS"]
[Date "2015.02.07"]
[Round "8.2"]
[White "Nepomniachtchi, Ian"]
[Black "Mamedov, Rauf"]
[Result "1/2-1/2"]
[WhiteTitle "GM"]
[BlackTitle "GM"]
[WhiteElo "2714"]
[BlackElo "2642"]
[WhiteFideId "4168119"]
[BlackFideId "13401653"]
[EventDate "2015.01.31"]

1. e4 c5 2. Nf3 Nc6 3. Bb5 d6 4. O-O Bd7 5. c3 Nf6 6. Re1 a6 7. Ba4 b5 8. Bc2
Bg4 9. a4 g6 10. d4 cxd4 11. cxd4 Bg7 12. Be3 O-O 13. Nbd2 e5 14. d5 Nd4 15. Bd3
Nd7 16. axb5 Nc5 17. Bf1 axb5 18. Rxa8 Qxa8 19. h3 Bxf3 20. Nxf3 Qa5 21. Nxd4
exd4 22. Bd2 b4 23. Bc4 d3 24. Qb1 Re8 25. Bxd3 Nxd3 26. Qxd3 Bxb2 27. Qc4 Rb8
28. Rb1 Be5 29. g3 h5 30. Kg2 Qc5 31. Rxb4 Rxb4 32. Qxb4 Qc2 33. Bg5 Kg7 34. Bf4
Bxf4 35. gxf4 Qd3 36. Qxd6 Qxe4+ 37. Kh2 f6 38. Qd7+ Kf8 39. Qc8+ Kg7 40. Qc7+
Kf8 41. d6 Qxf4+ 42. Kg1 Qg5+ 43. Kf1 Qb5+ 44. Ke1 Qb1+ 45. Kd2 Qb2+ 46. Kd3
Qb3+ 47. Kd4 Qb4+ 48. Kd5 Qb5+ 49. Kd4 Qb4+ 50. Ke3 Qb3+ 51. Kf4 Qb4+ 52. Ke3
Qb3+ 53. Kf4 Qb4+ 54. Kf3 Qb3+ 55. Kf4 Qb4+ 56. Kg3 h4+ 57. Kf3 Qb3+ 58. Kg2
Qd5+ 59. Kg1 Qg5+ 60. Kf1 Qb5+ 61. Ke1 Qb1+ 62. Ke2 Qb2+ 63. Kf3 Qb3+ 64. Kg4
Qd1+ 65. Kf4 Qd4+ 66. Kf3 Qd3+ 67. Kg2 Qd5+ 68. Kg1 Qg5+ 69. Kf1 Qb5+ 70. Ke1
Qb1+ 71. Kd2 Qb2+ 72. Ke3 1/2-1/2

[Event "Moscow Open A 2015"]
[Site "Moscow RUS"]
[Date "2015.02.07"]
[Round "8.3"]
[White "Grachev, Boris"]
[Black "Artemiev, Vladislav"]
[Result "1/2-1/2"]
[WhiteTitle "GM"]
[BlackTitle "GM"]
[WhiteElo "2670"]
[BlackElo "2659"]
[WhiteFideId "4129199"]
[BlackFideId "24101605"]
[EventDate "2015.01.31"]

1. d4 d5 2. c4 c6 3. Nf3 Nf6 4. e3 Bf5 5. Bd3 Bxd3 6. Qxd3 e6 7. O-O Nbd7 8.
Nbd2 Be7 9. b3 O-O 10. Bb2 a5 11. a3 Qb6 12. Rac1 Rfd8 13. Rfd1 Bf8 14. h3 g6
15. Qc2 Rac8 16. c5 Qc7 17. b4 Ra8 18. Bc3 axb4 19. axb4 Ra7 20. Ra1 Rda8 21.
Rxa7 Rxa7 22. Ra1 Qb8 23. Qb1 Rxa1 24. Qxa1 Ne8 25. Bb2 Bg7 26. Nb1 Nc7 27. Nc3
b6 28. Na4 h6 29. Qa3 Nb5 30. Qa1 Nc7 31. Qa3 Nb5 32. Qa1 Nc7 1/2-1/2

[Event "Moscow Open A 2015"]
[Site "Moscow RUS"]
[Date "2015.02.07"]
[Round "8.4"]
[White "Pridorozhni, Aleksei"]
[Black "Korobov, Anton"]
[Result "0-1"]
[WhiteTitle "GM"]
[BlackTitle "GM"]
[WhiteElo "2545"]
[BlackElo "2687"]
[WhiteFideId "4127870"]
[BlackFideId "14105730"]
[EventDate "2015.01.31"]

1. e4 c5 2. Nf3 e6 3. g3 Nc6 4. Bg2 Nge7 5. O-O Nd4 6. c3 Nxf3+ 7. Bxf3 b6 8. d4
Bb7 9. d5 Ng6 10. Bg2 d6 11. h4 Be7 12. f4 Nf8 13. Na3 exd5 14. exd5 Nd7 15. Nc2
O-O 16. Ne3 Re8 17. h5 Bf8 18. g4 b5 19. g5 c4 20. b4 Qb6 21. Re1 a5 22. Kf1
axb4 23. cxb4 c3 24. a3 g6 25. Ra2 Bg7 26. Rae2 Qc7 27. Kg1 Nf8 28. Qd3 Bc8 29.
Bf3 Bd7 30. Kg2 Rac8 31. Kg3 gxh5 32. Bxh5 Ng6 33. Nf5 Rxe2 34. Rxe2 Bxf5 35.
Qxf5 Qc4 36. Bg4 Rc7 37. Re8+ Bf8 38. Be2 Qd4 39. Qc2 Qg1+ 40. Kh3 Qh1+ 41. Kg3
Qh4+ 42. Kg2 Nxf4+ 43. Bxf4 Qxf4 44. Re4 Qf5 45. Bxb5 Qxg5+ 46. Kh3 f5 0-1

[Event "Moscow Open A 2015"]
[Site "Moscow RUS"]
[Date "2015.02.07"]
[Round "8.5"]
[White "Kazhgaleyev, Murtas"]
[Black "Vallejo Pons, Francisco"]
[Result "0-1"]
[WhiteTitle "GM"]
[BlackTitle "GM"]
[WhiteElo "2573"]
[BlackElo "2706"]
[WhiteFideId "13700316"]
[BlackFideId "2205530"]
[EventDate "2015.01.31"]

1. d4 f5 2. c4 Nf6 3. Nc3 e6 4. e3 b6 5. Bd3 Bb7 6. f3 c5 7. Nge2 Nc6 8. O-O Bd6
9. d5 Ne5 10. e4 O-O 11. exf5 exd5 12. cxd5 Nxd3 13. Qxd3 Qc7 14. h3 c4 15. Qd1
Bc5+ 16. Kh1 Qe5 17. g4 Nxd5 18. Nxd5 Qxd5 19. Qxd5+ Bxd5 20. Bd2 Rae8 21. Ng3
Bd4 22. Rab1 Rf7 23. Bf4 Bc6 24. Bd6 Rf6 25. Bb4 Re3 26. Kg2 a5 27. Bd2 Rd3 28.
Bg5 Rf8 29. Ne4 g6 30. Ng3 Re8 31. Rbc1 b5 32. Rc2 a4 33. a3 c3 34. bxc3 Rxc3
35. Rxc3 Bxc3 36. Ne4 Bxe4 37. fxe4 Rxe4 38. Kf3 Re1 39. Rxe1 Bxe1 40. Ke2 Bc3
41. Kd3 Bb2 42. Be7 Kf7 43. Bc5 gxf5 44. gxf5 Bf6 45. Ke4 Bc3 46. Kd3 Bb2 47.
Ke4 Kf6 48. Bb4 h5 49. Kd5 Kxf5 50. Kc5 Ke4 51. Kxb5 Kd3 52. Kxa4 Kc4 53. Bd6
Bc3 54. Bg3 d5 55. h4 d4 56. Be1 d3 57. Bd2 Bf6 0-1

[Event "Moscow Open A 2015"]
[Site "Moscow RUS"]
[Date "2015.02.07"]
[Round "8.6"]
[White "Lysyj, Igor"]
[Black "Gabrielian, Artur"]
[Result "1-0"]
[WhiteTitle "GM"]
[BlackTitle "GM"]
[WhiteElo "2700"]
[BlackElo "2554"]
[WhiteFideId "4150120"]
[BlackFideId "4131002"]
[EventDate "2015.01.31"]

1. d4 d6 2. Nf3 g6 3. c4 f5 4. Nc3 Nf6 5. e3 Bg7 6. Be2 O-O 7. O-O Qe8 8. b4 a6
9. Qb3 Nc6 10. c5+ Kh8 11. d5 Nd8 12. cxd6 exd6 13. Bb2 Bd7 14. a4 Nf7 15. Rac1
g5 16. Bd3 c5 17. dxc6 bxc6 18. Qc2 Rb8 19. Bxf5 Bxf5 20. Qxf5 Rxb4 21. Ba1 Nh6
22. Qa5 c5 23. Qxa6 g4 24. Nh4 Qh5 25. g3 Nf7 26. Ne2 Qd5 27. Rfd1 Qe6 28. Nf4
Qe4 29. Qd3 Qxd3 30. Rxd3 Rxa4 31. Nf5 Rfa8 32. Rdd1 Ng5 33. Nxg7 Rxa1 34. Rxa1
Rxa1 35. Rxa1 Kxg7 36. Ra7+ Kf8 37. Kg2 h5 38. h4 Nf3 39. Rc7 Ke8 40. Ne6 Ne5
41. Ra7 c4 42. Nc7+ Kd8 43. Nb5 Ne4 44. Kf1 Nd3 45. Rf7 c3 46. Nd4 Ke8 47. Rf5
Ke7 48. Rxh5 Ndxf2 49. Rh7+ Kf6 50. Rh8 Nd3 51. Rg8 Nxg3+ 52. Kg2 Ne4 53. Rxg4
d5 54. h5 Ne5 55. Rf4+ Kg7 56. Nc2 Nc4 57. Rf5 Nf6 58. h6+ Kg6 59. h7 Nxh7 60.
Rxd5 Nd2 61. Kf2 Nf6 62. Rb5 Nde4+ 63. Ke2 Nd6 64. Re5 Kf7 65. Kd3 Nd7 66. Ra5
Nf6 67. Kxc3 Nde4+ 68. Kd3 Kg6 69. Nb4 Ng5 70. Nd5 Nfe4 71. Nc3 Nf2+ 72. Kd4
Nf3+ 73. Kd5 Kf5 74. Ra4 Nd3 75. Ra8 Nb4+ 76. Kc4 Nc6 77. Rf8+ Ke6 78. Kd3 Nce5+
79. Ke2 Ng5 80. e4 Ngf7 81. Ra8 Nd6 82. Ke3 Nc6 83. Kf4 Nb4 84. Rh8 Nd3+ 85. Ke3
Ne5 86. Rh6+ Kd7 87. Rh7+ Ke6 88. Rh8 Nef7 89. Rh5 Nc4+ 90. Kd4 Nce5 91. Nd5 Kd6
92. Nf4 Nc6+ 93. Ke3 Nce5 94. Nd3 Ng6 95. Ra5 Ne7 96. e5+ Kc6 97. Kf4 Nd8 98.
Ra6+ Kb5 99. Rd6 Ndc6 100. Ke4 Kc4 101. Nf4 Kc5 102. Rd1 1-0

[Event "Moscow Open A 2015"]
[Site "Moscow RUS"]
[Date "2015.02.07"]
[Round "8.7"]
[White "Alekseev, Evgeny"]
[Black "Megaranto, Susanto"]
[Result "1/2-1/2"]
[WhiteTitle "GM"]
[BlackTitle "GM"]
[WhiteElo "2679"]
[BlackElo "2548"]
[WhiteFideId "4138147"]
[BlackFideId "7101384"]
[EventDate "2015.01.31"]

1. e4 e5 2. Nf3 Nc6 3. Bb5 a6 4. Ba4 d6 5. O-O Bd7 6. c3 Nge7 7. d4 Ng6 8. Re1
Be7 9. Nbd2 O-O 10. Nf1 Bg4 11. Bxc6 Nh4 12. N1d2 bxc6 13. h3 Nxf3+ 14. Nxf3
Bxf3 15. Qxf3 Bf6 16. Be3 Qb8 17. Qe2 Re8 18. Qc2 a5 19. b3 Qb7 20. Rab1 h6 21.
Red1 Reb8 22. Qe2 Qc8 23. Qf3 Qe6 24. d5 cxd5 25. Rxd5 c6 26. Rd2 Be7 27. Qg4
Rb7 28. Rbd1 Qxg4 29. hxg4 Rab8 30. Kf1 f6 31. Ke2 Kf7 32. f4 c5 33. fxe5 fxe5
34. Rb2 Ke6 35. Kd3 Rf8 36. Kc4 Rf6 37. g5 Rg6 38. gxh6 Rg4 39. Kd3 c4+ 40. Kxc4
Rxe4+ 41. Kd3 Rg4 42. Re2 gxh6 43. Bxh6 d5 44. Kc2 Rc7 45. Rd3 1/2-1/2

[Event "Moscow Open A 2015"]
[Site "Moscow RUS"]
[Date "2015.02.07"]
[Round "8.8"]
[White "Grigoriants, Sergey"]
[Black "Sjugirov, Sanan"]
[Result "1-0"]
[WhiteTitle "GM"]
[BlackTitle "GM"]
[WhiteElo "2567"]
[BlackElo "2678"]
[WhiteFideId "4130804"]
[BlackFideId "4189302"]
[EventDate "2015.01.31"]

1. c4 Nf6 2. Nf3 e6 3. Nc3 d5 4. d4 c6 5. e3 Nbd7 6. Qc2 Bd6 7. Bd3 O-O 8. O-O
dxc4 9. Bxc4 a6 10. Rd1 b5 11. Be2 Qc7 12. e4 e5 13. dxe5 Nxe5 14. h3 Nxf3+ 15.
Bxf3 Be6 16. Ne2 Rad8 17. Be3 c5 18. a4 b4 19. e5 b3 20. Qc3 Bxe5 21. Qxc5 Rc8
22. Qxc7 Rxc7 23. Bf4 Bxf4 24. Nxf4 Bf5 25. Ra3 g5 26. Nd5 Nxd5 27. Bxd5 Bc2 28.
Rc1 Rfc8 29. Bxb3 Bxb3 30. Rxc7 Rxc7 31. Rxb3 Rc1+ 32. Kh2 Kg7 33. Rb6 Rc2 34.
b4 Rb2 35. Kg3 f6 36. Kf3 h5 37. a5 Kg6 38. g3 Kf5 39. g4+ hxg4+ 40. hxg4+ Ke5
41. Ke3 Rb3+ 42. Kd2 Kd4 43. Rxa6 Rb2+ 44. Ke1 Rxb4 45. Rxf6 Ra4 46. Rf5 Kd3 47.
Kf1 Rxg4 48. Rf3+ Kc2 49. Ra3 Kb2 50. Rg3 Ra4 51. Rxg5 Kc3 52. Ke2 Ra1 53. f4
Kd4 54. Kf3 Rf1+ 55. Kg4 Rg1+ 56. Kf5 Ra1 57. Kg6 Rf1 58. f5 Ke5 59. a6 Kd6 60.
Kg7 1-0

[Event "Moscow Open A 2015"]
[Site "Moscow RUS"]
[Date "2015.02.07"]
[Round "8.9"]
[White "Kryakvin, Dmitry"]
[Black "Khismatullin, Denis"]
[Result "0-1"]
[WhiteTitle "GM"]
[BlackTitle "GM"]
[WhiteElo "2548"]
[BlackElo "2673"]
[WhiteFideId "4153278"]
[BlackFideId "4142578"]
[EventDate "2015.01.31"]

1. d4 Nf6 2. Bg5 e6 3. e4 h6 4. Bxf6 Qxf6 5. c3 d6 6. Bd3 g6 7. Ne2 Bg7 8. O-O
Qe7 9. f4 e5 10. f5 Nd7 11. fxg6 fxg6 12. Nd2 Bf6 13. Qb3 Kf8 14. a4 Kg7 15. a5
Bg5 16. Nc4 Nf6 17. Kh1 h5 18. Ng1 h4 19. dxe5 dxe5 20. Nxe5 Qxe5 21. Nf3 Qf4
22. Qb5 Rh5 23. Ne5 h3 24. gxh3 Qh4 25. Qc5 Be6 26. Qe7+ Kh6 27. Qxe6 Re8 28.
Ng4+ Kg7 29. Qc4 Re7 30. e5 Nxg4 31. Qxg4 Qxh3 32. Qxh3 Rxh3 33. Be4 Rxe5 34.
Bxb7 Re2 35. Bg2 Rd3 36. Rad1 Rxd1 37. Rxd1 Rxb2 38. Be4 Bf4 39. h3 Rh2+ 40. Kg1
Rxh3 41. Rd3 Rh5 42. Bd5 g5 43. Kf1 Kf6 44. Bg2 Be5 45. Rf3+ Ke6 46. c4 g4 47.
Rf8 Bd6 48. Bd5+ Ke5 49. Ra8 Bc5 50. Kg2 Kf4 51. Re8 Rh7 52. Re4+ Kf5 53. Re6
Rh8 54. Rc6 Bd6 55. Ra6 Bc5 56. Rc6 Bd6 57. Ra6 Rh2+ 58. Kf1 g3 59. Rxa7 Rf2+
60. Kg1 Ra2 61. Kf1 Kf4 62. c5 Rf2+ 63. Kg1 Be5 64. Ra8 Bd4 65. Rf8+ Ke5 0-1

[Event "Moscow Open A 2015"]
[Site "Moscow RUS"]
[Date "2015.02.07"]
[Round "8.10"]
[White "Sanal, Vahap"]
[Black "Fedoseev, Vladimir3"]
[Result "1-0"]
[WhiteTitle "IM"]
[BlackTitle "GM"]
[WhiteElo "2460"]
[BlackElo "2668"]
[WhiteFideId "6300545"]
[BlackFideId "24130737"]
[EventDate "2015.01.31"]

1. e4 e5 2. Nf3 Qe7 3. Nc3 c6 4. d4 d6 5. a4 Bg4 6. Be2 Nf6 7. O-O Qc7 8. b3 Be7
9. Ba3 O-O 10. Re1 Re8 11. h3 Bh5 12. Qd3 Nbd7 13. a5 a6 14. g4 Bg6 15. dxe5
Nxe5 16. Nxe5 dxe5 17. Qc4 Rad8 18. Bxe7 Rxe7 19. Bd3 h5 20. f3 Re6 21. Qc5 Nh7
22. Bc4 Rf6 23. Qe3 Rf4 24. Kg2 Ng5 25. Rf1 hxg4 26. hxg4 Rd4 27. Ne2 Nxf3 28.
Nxf4 exf4 29. Qc3 Rxc4 30. bxc4 Ng5 31. Rae1 Ne6 32. e5 Qd8 33. Rf2 c5 34. Qf3
Qc7 35. Rd2 Qxa5 36. Red1 Qc7 37. Rd6 Bxc2 38. Rxe6 fxe6 39. Rd2 Ba4 40. Qxf4
Bc6+ 41. Kg3 Qa5 42. Kh4 Be8 43. Qe3 b5 44. Rd6 Bf7 45. cxb5 axb5 46. Qxc5 Qe1+
47. Kg5 Qe4 48. Rd8+ Kh7 49. Qc3 Qg6+ 50. Kf4 Qh6+ 51. Kg3 Qg5 52. Qc2+ Bg6 53.
Qh2+ Qh6 54. Rd6 Bf7 55. Qxh6+ gxh6 56. Kh4 b4 57. Rb6 h5 58. Rb7 1-0

[Event "Moscow Open A 2015"]
[Site "Moscow RUS"]
[Date "2015.02.07"]
[Round "8.11"]
[White "Kokarev, Dmitry"]
[Black "Atabayev, Maksat"]
[Result "1-0"]
[WhiteTitle "GM"]
[BlackTitle "IM"]
[WhiteElo "2645"]
[BlackElo "2496"]
[WhiteFideId "4132181"]
[BlackFideId "14001101"]
[EventDate "2015.01.31"]

1. e4 c5 2. Nf3 d6 3. d4 cxd4 4. Qxd4 a6 5. h3 Nc6 6. Qe3 g6 7. c4 Bg7 8. Be2
Nf6 9. O-O O-O 10. Nc3 Nd7 11. Rb1 a5 12. Bd2 Nc5 13. Rbd1 a4 14. Bc1 Be6 15.
Ng5 Qa5 16. Nb5 Na7 17. Bd2 Qb6 18. Nxe6 fxe6 19. b4 axb3 20. axb3 Nxb5 21. cxb5
e5 22. b4 Nd7 23. Qxb6 Nxb6 24. Be3 Nd7 25. Bc4+ Kh8 26. Bd5 Rfb8 27. Ra1 Rxa1
28. Rxa1 e6 29. Ba7 Rf8 30. Bxb7 Bf6 31. Bc6 Nb8 32. Be3 Rd8 33. Bb6 Rc8 34. Ra8
Kg7 35. Ba7 Nxc6 36. Rxc8 Nxa7 37. Rc7+ 1-0

[Event "Moscow Open A 2015"]
[Site "Moscow RUS"]
[Date "2015.02.07"]
[Round "8.12"]
[White "Khairullin, Ildar"]
[Black "Xiu, Deshun"]
[Result "1/2-1/2"]
[WhiteTitle "GM"]
[BlackTitle "GM"]
[WhiteElo "2629"]
[BlackElo "2543"]
[WhiteFideId "4151348"]
[BlackFideId "8603693"]
[EventDate "2015.01.31"]

1. c4 c5 2. Nf3 Nc6 3. Nc3 g6 4. e3 Nf6 5. d4 cxd4 6. exd4 d5 7. cxd5 Nxd5 8.
Qb3 e6 9. Bb5 Bg7 10. O-O O-O 11. Bxc6 bxc6 12. Na4 Qc7 13. Bd2 Rb8 14. Qc2 Nb4
15. Bxb4 Rxb4 16. a3 Rb8 17. Rac1 Rd8 18. Rfd1 Bh6 19. Ra1 Bg7 20. Rd2 e5 21.
Nxe5 Be6 22. b4 Bxe5 23. dxe5 Qxe5 24. Rad1 Rxd2 25. Qxd2 Qd5 26. Qc1 Qc4 27.
Nc5 Qxc1 28. Rxc1 Bd5 29. f3 Re8 30. Kf2 f6 31. Na4 Bb3 32. Nc3 Kg7 33. Ne2 Bd5
34. Rc5 Rd8 35. Nc3 Bf7 36. Rxc6 Rd2+ 37. Kg1 Rc2 38. Rc7 a6 39. b5 axb5 40.
Nxb5 Rd2 41. a4 Kf8 42. a5 Ra2 43. Nd6 Bd5 44. Rc5 Be6 45. Ne4 f5 46. Nc3 Ra1+
47. Kf2 f4 48. g3 fxg3+ 49. hxg3 h6 50. Rc6 Ke7 51. a6 Kd7 52. Rb6 Bc4 53. Rxg6
Rxa6 54. Rxa6 Bxa6 55. Nd5 Kd6 56. Ne3 Ke6 57. g4 Kf6 58. f4 Bd3 59. Kf3 Kg6 60.
Nd5 Bc2 61. Nc3 Kf6 62. Ne4+ Ke6 63. Nf2 Ba4 64. Ke3 Bb5 65. Ne4 Bc4 66. Nd2 Bd5
67. Kd4 Bg2 68. f5+ Kf6 69. Ne4+ Kf7 70. Ke5 Bh3 71. Kf4 Bf1 72. Nc3 Kf6 73.
Nd5+ Kf7 74. Ke5 Be2 75. Ne3 Bf3 76. f6 Be2 77. Nf5 Kg6 78. Ne3 Kf7 79. Nf5 Kg6
80. Ke6 Bc4+ 81. Ke7 Ba2 82. Nd4 Bf7 83. Nf3 Ba2 84. Nd4 Bf7 85. Ne6 Bg8 86. Nd4 1/2-1/2

[Event "Moscow Open A 2015"]
[Site "Moscow RUS"]
[Date "2015.02.07"]
[Round "8.13"]
[White "Kharchenko, Boris"]
[Black "Bukavshin, Ivan"]
[Result "1-0"]
[WhiteTitle "GM"]
[BlackTitle "GM"]
[WhiteElo "2483"]
[BlackElo "2622"]
[WhiteFideId "14113210"]
[BlackFideId "4199758"]
[EventDate "2015.01.31"]

1. e4 c6 2. d4 d5 3. exd5 cxd5 4. c4 Nf6 5. Nc3 Nc6 6. Nf3 e6 7. c5 Ne4 8. Qc2
Qa5 9. a3 Bd7 10. Rb1 Nxc3 11. b4 Qc7 12. Qxc3 a6 13. Bd3 Be7 14. O-O Na7 15.
Re1 Ba4 16. g3 O-O 17. Bf4 Qc8 18. h4 Nc6 19. Kg2 f6 20. Qd2 Qd7 21. Qe3 Nd8 22.
Rb2 Re8 23. h5 Bf8 24. Bb1 Qb5 25. Bd3 Qd7 26. Qc1 Bb5 27. Bb1 Ba4 28. Qc3 Qb5
29. Rbe2 a5 30. Bc7 axb4 31. axb4 Qc4 32. Qd2 Nc6 33. Rxe6 Nxb4 34. Rc1 Qxc1 35.
Qxc1 Rxe6 36. Qa3 Nc6 37. Qd3 Re4 38. Nd2 Ne7 39. Nxe4 dxe4 40. Qc4+ Kh8 41.
Bxe4 Bc6 42. Bxc6 bxc6 43. Qe6 1-0

[Event "Moscow Open A 2015"]
[Site "Moscow RUS"]
[Date "2015.02.07"]
[Round "8.14"]
[White "Ponkratov, Pavel"]
[Black "Matinian, Nikita"]
[Result "1-0"]
[WhiteTitle "GM"]
[BlackTitle "IM"]
[WhiteElo "2620"]
[BlackElo "2475"]
[WhiteFideId "4157800"]
[BlackFideId "24129100"]
[EventDate "2015.01.31"]

1. e4 c5 2. Nf3 d6 3. d4 cxd4 4. Nxd4 Nf6 5. Nc3 g6 6. Be3 Bg7 7. f3 O-O 8. g4
Nc6 9. Qd2 Be6 10. Nxe6 fxe6 11. O-O-O Ne5 12. Be2 Rc8 13. Nb5 Qd7 14. Qb4 a6
15. Nd4 b5 16. Kb1 Rc7 17. Bc1 Rfc8 18. g5 Nh5 19. Qb3 Nc4 20. f4 Nxf4 21. Bxf4
e5 22. Nxb5 axb5 23. Bc1 Qc6 24. Qd3 Nb6 25. Bg4 Qxc2+ 26. Qxc2 Rxc2 27. Be3 Na4
28. Be6+ Kh8 29. Bxc8 Rxc8 30. Rc1 Rf8 31. Rhf1 Rxf1 32. Rxf1 Kg8 33. Rc1 d5 34.
b3 1-0

[Event "Moscow Open A 2015"]
[Site "Moscow RUS"]
[Date "2015.02.07"]
[Round "8.15"]
[White "Iljushin, Alexei"]
[Black "Volkov, Sergey"]
[Result "1/2-1/2"]
[WhiteTitle "GM"]
[BlackTitle "GM"]
[WhiteElo "2515"]
[BlackElo "2618"]
[WhiteFideId "4122178"]
[BlackFideId "4122763"]
[EventDate "2015.01.31"]

1. Nf3 d5 2. g3 Nf6 3. Bg2 c6 4. O-O Bf5 5. c4 e6 6. cxd5 exd5 7. d3 Be7 8. Qb3
Qb6 9. Qc2 O-O 10. Nc3 Rd8 11. e4 Bg4 12. Re1 dxe4 13. dxe4 Na6 14. a3 Bxf3 15.
Bxf3 Nc5 16. Be3 Qb3 17. Qxb3 Nxb3 18. Rad1 Nd7 19. Be2 b5 20. f4 Bc5 21. Kf2 f6
22. Bg4 Bxe3+ 23. Rxe3 Ndc5 24. e5 fxe5 25. fxe5 Rxd1 26. Bxd1 Nd4 27. b4 Nce6
28. Ne2 Rf8+ 29. Kg2 Kf7 30. Bb3 Nxb3 31. Rxb3 Rd8 32. Kf3 Rd5 33. Re3 Ke7 34.
Nf4 Rd2 35. Nxe6 Kxe6 36. Rc3 Kxe5 37. Rxc6 Rd3+ 38. Kg4 Rxa3 39. Rc5+ Kd6 40.
Rxb5 Kc6 41. Rb8 Ra6 42. h4 Rb6 43. Rc8+ Kd6 1/2-1/2